01001cam a22002291 4500001001300000003000400013005001700017008004100034010001700075035001900092040006300111050001900174100002500193245026300218260005000481300002200531500001700553650006400570710007600634740004400710999001700754l 63000072 DLC20260227111547.0790119s1963 dcu f000 0 eng c al 63000072  a(OCoLC)4564114 aU. S. Dept. of Labor LibrarycMnStclSdMnStclSdOCoLCdDLC00aHV3006.A4bF681 aFraenkel, William A.10aGuide to job placement of the mentally retarded.cThe President's Committee on Employment of the Handicapped in cooperation with National Association for Retarded Children and the U. S. Employment Service, Bureau of Employment Security, U. S. Dept. of Labor. a[Washington,bU.S. Govt. Print. Off.,c1963]. aiv, 16 p.c23 cm. aCover title. 0aPeople with mental disabilitiesxEmploymentzUnited States.1 aUnited States.bPresident's Committee on Employment of the Handicapped.0 aJob placement of the mentally retarded. c37117d37117